000 00424nam a2200181Ia 4500
005 20240823042141.0
008 240823s9999||||xx |||||||||||||| ||und||
041 _aENGLISH
082 _A660 N7
100 _aRavisankar N [et al]
245 0 _aApplied Chemistry
250 _a4th
260 _c1997
_b"National ,Srivillip"
500 _aTRANSFERED
650 _aChemistry
_bChemistry
942 _cBK
999 _c207190
_d207190